The Beatles - Beatles For Sale - Statistics

General Stats
  • This quiz has been taken 11 times
  • The average score is 13 of 14
Answer Stats
# Song % Correct
3 Baby's In Black
100%
14 Everybody's Trying to Be My Baby
100%
10 Honey Don't
100%
12 I Don't Want to Spoil the Party
100%
2 I'm a Loser
100%
1 No Reply
100%
4 Rock and Roll Music
100%
9 Words of Love
100%
8 Eight Days a Week
89%
5 I'll Follow the Sun
89%
7 Kansas City / Hey-Hey-Hey-Hey!
89%
6 Mr. Moonlight
89%
11 Every Little Thing
78%
13 What You're Doing
78%
No matching quizzes found
Score Distribution
Percent of People with Each Score
Percentile by Number Answered
Your Score History
You have not taken this quiz